000 00285nam a22001337a 4500
008 180919b xxu||||| |||| 00| 0 eng d
020 _a2900807113607
041 _aeng
080 _a94
100 _a16
101 _aHIS
245 _aRural Worlds Lost
_cKirby,J.T
942 _2udc
_cBK
999 _c48049
_d48049